| 000 | 00516cam a2200205ua 4500 | ||
|---|---|---|---|
| 001 | 60 | ||
| 008 | 110314n ii |||gr||||Z||||||eng | ||
| 020 | _a81-219-2345-X | ||
| 040 | _cMAIN | ||
| 082 | _a005.118 | ||
| 100 | _aSinha, Prosenjit., | ||
| 245 | 1 |
_aVisual basic complete _cby Prosenjit Sinha |
|
| 250 | _a1st. | ||
| 260 |
_aNew Delhi: _bS. Chand, _c2008. |
||
| 300 |
_ax, 292p.: _bill.; _c25cm. |
||
| 653 | _aComputer sceince | ||
| 653 | _aComputer programming | ||
| 653 | _aVisual basic complete | ||
| 942 | _cBK | ||
| 999 |
_c51 _d51 |
||